书目信息 |
| 题名: |
循环型社会法律研究
|
|
| 作者: | 戚道孟 主编 | |
| 分册: | ||
| 出版信息: | 北京 中国环境科学出版社 2008.03 |
|
| 页数: | 327页 | |
| 开本: | 23cm | |
| 丛书名: | 循环经济研究丛书 | |
| 单 册: | ||
| 中图分类: | D912.6 | |
| 科图分类: | ||
| 主题词: | 自然资源--zi ran zi yuan--资源利用--法律--研究--世界 | |
| 电子资源: | ||
| ISBN: | 978-7-80209-646-2 | |
| 000 | 00985nam 2200277 450 | |
| 001 | 012008300640 | |
| 005 | 20080510095632.71 | |
| 010 | @a978-7-80209-646-2@dCNY52.00 | |
| 100 | @a20080510d2008 em y0chiy0120 ea | |
| 101 | 0 | @achi |
| 102 | @aCN@b110000 | |
| 105 | @ak a 000yy | |
| 106 | @ar | |
| 200 | 1 | @a循环型社会法律研究@Axun huan xing she hui fa lu yan jiu@f戚道孟主编@Fqi dao meng zhu bian |
| 210 | @a北京@c中国环境科学出版社@d2008.03 | |
| 215 | @a327页@d23cm | |
| 225 | 2 | @a循环经济研究丛书@Axun huan jing ji yan jiu cong shu |
| 300 | @a“十一五”国家重点图书出版规划 | |
| 320 | @a有书目 (第321-326页) | |
| 330 | @a本书包括:循环型社会概述、循环型社会的历史发展、循环型社会的理论依据、国外循环型社会法律制度研究等内容。 | |
| 410 | 0 | @12001 @a循环经济研究丛书 |
| 606 | 0 | @a自然资源@Azi ran zi yuan@x资源利用@x法律@x研究@y世界 |
| 690 | @aD912.6@v4 | |
| 701 | 0 | @a戚道孟@Aqi dao meng@4主编 |
| 801 | 0 | @aCN@bQSSK@c20080510 |
| 905 | @b709724-26@dD912.6@eQ005@f3 | |
| 循环型社会法律研究/戚道孟主编.-北京:中国环境科学出版社,2008.03 |
| 327页;23cm.-(循环经济研究丛书) |
| “十一五”国家重点图书出版规划 |
| ISBN 978-7-80209-646-2:CNY52.00 |
| 本书包括:循环型社会概述、循环型社会的历史发展、循环型社会的理论依据、国外循环型社会法律制度研究等内容。 |
| ● |
| 相关链接 |
|
|
|
正题名:循环型社会法律研究
索取号:D912.6/Q005
 
预约/预借
| 序号 | 登录号 | 条形码 | 馆藏地/架位号 | 状态 | 备注 |
| 1 | 709724 | 207097247 | 社科库509/509社科库 81排3列4层/ [索取号:D912.6/Q005] | 在馆 | |
| 2 | 709725 | 207097256 | 社科库509/509社科库 81排3列4层/ [索取号:D912.6/Q005] | 在馆 | |
| 3 | 709726 | 207097265 | 社科库509/509社科库 81排3列4层/ [索取号:D912.6/Q005] | 在馆 |